Eras Tour Setlist - Statistics

General Stats
  • This quiz has been taken 11 times
  • The average score is 33 of 44
Answer Stats
Album Track # Answer % Correct
Red 1 22
100%
Lover 2 Cruel Summer
100%
Speak Now 1 Enchanted
100%
Lover 5 Lover
100%
Fearless 2 You Belong With Me
100%
Red 4 All Too Well
88%
folklore 3 August
88%
1989 2 Blank Space
88%
folklore 1 Cardigan
88%
reputation 3 Don’t Blame Me
88%
Fearless 1 Fearless
88%
Red 3 I Knew You Were Trouble
88%
Midnights 7 Karma
88%
reputation 4 Look What You Made Me Do
88%
Fearless 3 Love Story
88%
evermore 3 Willow
88%
Lover 4 You Need To Calm Down
88%
Midnights 2 Anti Hero
75%
1989 5 Bad Blood
75%
reputation 2 Delicate
75%
Midnights 1 Lavender Haze
75%
The Tortured Poets Department 5 Fortnight
75%
Midnights 3 Midnight Rain
75%
Lover 1 Miss Americana & The Heartbreak Prince
75%
reputation 1 …Ready For It?
75%
1989 3 Shake It Off
75%
1989 1 Style
75%
Lover 3 The Man
75%
The Tortured Poets Department 6 The Smallest Man Who Ever Lived
75%
Midnights 4 Vigilante ****
75%
Red 2 We Are Never Ever Getting Back Together
75%
1989 4 Wildest Dreams
75%
folklore 2 Betty
63%
The Tortured Poets Department 1 But Daddy I Love Him
63%
The Tortured Poets Department 7 I Can Do It With A Broken Heart
63%
The Tortured Poets Department 2 So Highschool
63%
Midnights 5 Bejeweled
50%
evermore 1 Champagne Problems
50%
Midnights 6 Mastermind
50%
folklore 5 My Tears Ricochet
50%
The Tortured Poets Department 4 Down Bad
38%
folklore 4 Illicit Affairs
38%
evermore 2 Marjorie
38%
The Tortured Poets Department 3 Who’s Afraid Of Little Old Me?
38%
No matching quizzes found
Score Distribution
Percent of People with Each Score
Percentile by Number Answered
Your Score History
You have not taken this quiz